Biggest City in Every County of Oklahoma (Map) - Statistics

General Stats
  • This quiz has been taken 71 times
  • The average score is 46 of 77
Answers on the Map
Answers color-coded by a green-red scale on the quiz's map according to % correct below.
 
Answer Stats
County Pop. Answer % Correct
Oklahoma 687,725 Oklahoma City
100%
Tulsa 411,401 Tulsa
98%
Comanche 91,055 Lawton
90%
Payne 48,134 Stillwater
90%
Cleveland 128,097 Norman
88%
Garfield 50,566 Enid
86%
Muskogee 36,790 Muskogee
86%
Carter 24,893 Ardmore
83%
Texas 12,561 Guymon
81%
Pottawatomie 31,576 Shawnee
81%
Washington 37,384 Bartlesville
79%
Pittsburg 18,244 McAlester
79%
Cimarron 1,142 Boise City
76%
Kay 24,398 Ponca City
76%
Jackson 18,717 Altus
74%
Pontotoc 16,842 Ada
71%
Beckham 11,570 Elk City
71%
Logan 11,092 Guthrie
71%
Ottawa 12,885 Miami
71%
Bryan 19,088 Durant
69%
Woodward 11,998 Woodward
69%
Beaver 1,238 Beaver
67%
Stephens 22,745 Duncan
67%
Canadian 24,623 Yukon
67%
Woods 4,997 Alva
64%
McCurtain 7,004 Idabel
64%
Okmulgee 11,298 Okmulgee
64%
Custer 11,980 Weatherford
64%
Grady 15,786 Chickasha
62%
Choctaw 5,174 Hugo
62%
Kingfisher 4,813 Kingfisher
62%
McClain 12,204 Newcastle
62%
Garvin 6,031 Pauls Valley
62%
Creek 22,213 Sapulpa
62%
Seminole 7,068 Seminole
62%
Cherokee 16,463 Tahlequah
62%
Atoka 3,188 Atoka
60%
Noble 4,527 Perry
57%
Murray 4,904 Sulphur
57%
Rogers 19,419 Claremore
55%
Wagoner 10,149 Coweta
55%
Delaware 7,033 Grove
55%
Nowata 3,481 Nowata
55%
Le Flore 8,822 Poteau
55%
Craig 5,189 Vinita
55%
Alfalfa 1,512 Cherokee
52%
Kiowa 3,376 Hobart
52%
Harmon 1,747 Hollis
52%
Love 2,834 Marietta
52%
Sequoyah 8,583 Sallisaw
52%
Caddo 5,990 Anadarko
50%
Lincoln 2,890 Chandler
50%
Tillman 3,504 Frederick
50%
Hughes 5,775 Holdenville
50%
Marshall 3,969 Madill
50%
Okfuskee 3,061 Okemah
50%
Mayes 9,453 Pryor Creek
50%
Johnston 2,961 Tishomingo
50%
Pushmataha 2,184 Antlers
48%
Washita 2,768 New Cordell
48%
Adair 3,700 Stilwell
48%
Blaine 2,633 Watonga
48%
McIntosh 3,043 Checotah
45%
Roger Mills 755 Cheyenne
45%
Coal 1,652 Coalgate
45%
Osage 3,261 Hominy
45%
Greer 2,677 Mangum
45%
Jefferson 1,886 Waurika
45%
Pawnee 3,214 Cleveland
43%
Major 2,692 Fairview
43%
Haskell 2,691 Stigler
43%
Latimer 2,334 Wilburton
43%
Cotton 2,390 Walters
40%
Dewey 838 Seiling
38%
Harper 1,198 Laverne
36%
Ellis 1,243 Shattuck
36%
Grant 895 Pond Creek
26%
No matching quizzes found
Score Distribution
Percent of People with Each Score
Percentile by Number Answered
Your Score History
You have not taken this quiz